000 00684nam a2200241Ia 4500
003 OSt
005 20221007071232.0
006 a|||||r|||| 00| 0
007 ta
008 221006b |||||||| |||| 00| 0 eng d
020 _a9781847925374
024 _a45,374
037 _cTextual
040 _aFLL
_cFLL
_beng
041 _2eng
_aeng
082 _aX8(J3):5.3, Q7
100 _aCOLLINGHAM Lizzie
_9688377
245 0 _aHungry empire
_b How britain's quest for food shaped the modern world
260 _aLondon
_bBodley Head
_c2017
300 _axvii,367p.
_ccm.
942 _hX8(J3):5.3, Q7
_cTEXL
_2CC
999 _c1142825
_d1142825